00829nam a2200241 i 4500001000300000003000400003005001700007008004100024015001800065020001500083040001400098080001700112100003500129245006100164250002500225260003200250300003000282500006900312504002600381650004200407710004000449856009800489bgBPK20220311093655.0980713s1997 pl a |000 0 pol  aPB 1997/16295 a8386770384 aWA NcBPK a37.014(4-15)1 aDziewulak, Dobromird(1958- ).10aSystemy szkolne Unii Europejskiej /cDobromir Dziewulak. aWyd. 3 popr. i uzup. aWarszawa :b"Żak",c1997. a166 s. :bwykr. ;c21 cm. aWyd. poprz. pt. : Polityka oświatowa Wspólnoty Europejskiej. aBibliogr. s. 161-166. 4aOświataxpolitykaxUnia Europejska.2 aŻak, Wydawnictwo Edukacyjne4pbl. uhttp://koha.tu.koszalin.pl/cgi-bin/koha/opac-detail.pl?biblionumber=36803yKatalog online BPK